LIBRARY & INFORMATION CENTRE, KCAET, TAVANUR

ONLINE PUBLIC ACCESS CATALOGUE (OPAC)

PASCAL primer / (Record no. 9709)

MARC details
000 -LEADER
fixed length control field 00439cam a2200181ua 4500
041 ## - LANGUAGE CODE
Language code of text/sound track or separate title eng
082 ## - DEWEY DECIMAL CLASSIFICATION NUMBER
Classification number 005.133
Item number FOX/PA
100 ## - MAIN ENTRY--AUTHOR NAME
Personal name Fox, David .
245 ## - TITLE STATEMENT
Title PASCAL primer /
260 ## - PUBLICATION, DISTRIBUTION, ETC. (IMPRINT)
Place of publication Indiana :
Name of publisher Howard W Sams and co. Inc. ,
Year of publication 1984.
300 ## - PHYSICAL DESCRIPTION
Number of Pages 206 ; .
700 1# - ADDED ENTRY--PERSONAL NAME
Personal name Wante, Mitchell .
942 ## - ADDED ENTRY ELEMENTS (KOHA)
Koha item type Books
Holdings
Withdrawn status Lost status Damaged status Home library Current library Date acquired Full call number Accession Number Koha item type
      KAUAET KAUAET 07/04/2012 005.133 17832 Books
free website counter